[Event "DSM WK M 2012"]
[Site "Karlsruhe GER"]
[Date "2012.05.05"]
[Round "4"]
[White "G., Diana"]
[Black "Wiesner, Paula"]
[Result "0-1"]
[Termination "normal"]
[Board "7.1"]
[WhiteElo "1026"]
[BlackElo "1776"]
[WhiteTeam "Charlotte-Paulsen-Gymnasium Hamburg"]
[BlackTeam "Goethe-Gymnasium Karlsruhe"]
[PlyCount "68"]
[WhiteFideId "12964700"]
[BlackFideId "24654019"]
[EventCountry "GER"]
[EventRounds "7"]
[EventType "team-swiss"]
[EventDate "2012.05.03"]

1. e4 e6 2. d4 d5 3. exd5 exd5 4. Bd3 Nf6 5. Nc3 Be7 6. Bg5 O-O 7. Nf3 Bg4 8.
h3 Be6 9. Qd2 Nbd7 10. O-O-O c5 11. h4 c4 12. Be2 a6 13. h5 b5 14. Rhg1 Qa5 15.
Qe3 b4 16. Nb1 Rfc8 17. Ne1 c3 18. b3 Qxa2 19. Nd3 Bf5 20. Qxe7 Bxd3 21. Rxd3
Qb2+ 22. Kd1 Qxb1+ 23. Bc1 a5 24. Rg3 a4 25. Qxb4 a3 26. Rxc3 Rxc3 27. Qxc3 a2
28. Kd2 a1=Q 29. Qc6 Qxd4+ 30. Bd3 Qxf2+ 31. Be2 Re8 32. Re1 Rxe2+ 33. Rxe2
Qd4+ 34. Ke1 Qxc1# 0-1

[Event "DSM WK M 2012"]
[Site "Karlsruhe GER"]
[Date "2012.05.05"]
[Round "4"]
[White "Reiter, Nicole"]
[Black "Ketterer, Beatrice"]
[Result "0-1"]
[Termination "time forfeit"]
[Board "7.3"]
[WhiteElo "794"]
[BlackElo "785"]
[WhiteTeam "Charlotte-Paulsen-Gymnasium Hamburg"]
[BlackTeam "Goethe-Gymnasium Karlsruhe"]
[PlyCount "117"]
[WhiteFideId "16212126"]
[BlackFideId "12983411"]
[EventCountry "GER"]
[EventRounds "7"]
[EventType "team-swiss"]
[EventDate "2012.05.03"]

1. e4 e5 2. Nf3 Nc6 3. Bc4 Nf6 4. d3 Bc5 5. Nc3 h6 6. Be3 Bxe3 7. fxe3 d6 8. d4
O-O 9. Qe2 Bg4 10. O-O-O Qe7 11. h3 Bh5 12. d5 Nb4 13. Kb1 Bg6 14. Bd3 c6 15.
Nh4 Bxe4 16. Nxe4 Nxe4 17. Bxe4 Qxh4 18. Qg4 Qxg4 19. hxg4 Rfd8 20. Rh5 f6 21.
a3 Nxd5 22. Bxd5+ cxd5 23. Rxd5 Rac8 24. b4 Rc3 25. Kb2 Rxe3 26. Rh4 Rg3 27.
Rd2 e4 28. Re2 e3 29. Kc3 Kh7 30. Kd3 g5 31. Rh3 Rxg4 32. Rexe3 Rxg2 33. Re7+
Kg6 34. Rxb7 g4 35. Re3 Kg5 36. Rxa7 Kh4 37. Rh7 h5 38. b5 Rg1 39. b6 Rb8 40.
Re6 g3 41. Rxf6 Rxb6 42. Rg7 Kh3 43. Rfg6 h4 44. c4 Rb2 45. a4 g2 46. Rxg2
Rgxg2 47. Rxg2 Kxg2 48. Kd4 Ra2 49. Kd5 Rxa4 50. c5 dxc5 51. Kxc5 Re4 52. Kd5
Kf3 53. Kd6 Kf4 54. Kd5 Kf5 55. Kd6 Re5 56. Kd7 Re6 57. Kd8 Kf6 58. Kd7 Kf7 59.
Kd8 0-1

[Event "DSM WK M 2012"]
[Site "Karlsruhe GER"]
[Date "2012.05.05"]
[Round "4"]
[White "Kipp, Emma"]
[Black "Syla, Albetina"]
[Result "0-1"]
[Termination "normal"]
[Board "7.4"]
[WhiteElo "800"]
[BlackElo "800"]
[WhiteTeam "Goethe-Gymnasium Karlsruhe"]
[BlackTeam "Charlotte-Paulsen-Gymnasium Hamburg"]
[PlyCount "66"]
[EventCountry "GER"]
[EventRounds "7"]
[EventType "team-swiss"]
[EventDate "2012.05.03"]

1. e4 e5 2. Nf3 Nc6 3. Nc3 Bc5 4. d3 d6 5. Bg5 Nf6 6. Bxf6 Qxf6 7. Be2 Nd4 8.
O-O Qg6 9. Qd2 Ne6 10. a3 Nf4 11. Nh4 Qg5 12. g3 Nh3+ 13. Kg2 Qxd2 14. Rfd1 Qg5
15. b4 Bxf2 16. Rf1 Qf6 17. Nd5 Qe6 18. Nxc7+ Kf8 19. Nxe6+ Bxe6 20. Nf3 Be3
21. c3 h5 22. d4 exd4 23. cxd4 h4 24. Nxh4 Ng5 25. Nf5 g6 26. Nxe3 Bh3+ 27. Kg1
Bxf1 28. Kxf1 Rxh2 29. Kg1 Rxe2 30. Nc4 Re8 31. Nxd6 Re6 32. Rc1 Nf3+ 33. Kh1
Rh2# 0-1

[Event "DSM WK M 2012"]
[Site "Karlsruhe GER"]
[Date "2012.05.05"]
[Round "4"]
[White "Petric, Vivien"]
[Black "Zelbel, Jacqueline"]
[Result "0-1"]
[Termination "normal"]
[Board "8.1"]
[WhiteElo "844"]
[BlackElo "1255"]
[WhiteTeam "Salier-Gymnasium Waiblingen"]
[BlackTeam "Immanuel-Kant-Gymnasium Dortmund"]
[PlyCount "68"]
[EventCountry "GER"]
[EventRounds "7"]
[EventType "team-swiss"]
[EventDate "2012.05.03"]

1. e4 e5 2. Nf3 Nc6 3. Bb5 d6 4. Nc3 Nf6 5. d3 Bg4 6. h3 Bh5 7. Bg5 h6 8. Be3
d5 9. O-O d4 10. Bd2 dxc3 11. Bxc3 Bd6 12. Qe1 Bxf3 13. gxf3 Nh5 14. Bd2 O-O
15. Qe2 Nd4 16. Qe3 Nxc2 17. Qe2 Nxa1 18. Rxa1 Qh4 19. Qf1 Nf4 20. Bxf4 Qxf4
21. Qg2 c6 22. Bc4 b5 23. Bb3 a5 24. a3 Qd2 25. Rf1 Qxb2 26. Bd1 Qxa3 27. Kh1
g6 28. Rg1 Kg7 29. f4 exf4 30. Bh5 g5 31. h4 f6 32. d4 b4 33. e5 Be7 34. Qxc6
Qh3# 0-1

[Event "DSM WK M 2012"]
[Site "Karlsruhe GER"]
[Date "2012.05.05"]
[Round "4"]
[White "Hudde, Marnie"]
[Black "Georgieva, Kameliya"]
[Result "1-0"]
[Termination "normal"]
[Board "8.2"]
[WhiteElo "800"]
[BlackElo "755"]
[WhiteTeam "Immanuel-Kant-Gymnasium Dortmund"]
[BlackTeam "Salier-Gymnasium Waiblingen"]
[PlyCount "87"]
[EventCountry "GER"]
[EventRounds "7"]
[EventType "team-swiss"]
[EventDate "2012.05.03"]

1. e4 e5 2. Nf3 Nf6 3. Nc3 Nc6 4. Bb5 Bb4 5. a3 Bxc3 6. bxc3 Qe7 7. d3 d6 8.
Bg5 Bg4 9. h3 Bxf3 10. Qxf3 h6 11. Bh4 g5 12. Bg3 a6 13. Bc4 O-O 14. h4 g4 15.
Qf5 b5 16. Bd5 Nd8 17. Bxa8 Ne6 18. Bd5 Rc8 19. Bxe6 fxe6 20. Qg6+ Qg7 21.
Qxg7+ Kxg7 22. h5 d5 23. Bxe5 Rf8 24. Bxc7 dxe4 25. Be5 Kg8 26. Bxf6 Rxf6 27.
dxe4 Rf4 28. Kd2 Rxf2+ 29. Kd3 Rxg2 30. Rag1 Rf2 31. Rxg4+ Kf7 32. Rc1 Rf3+ 33.
Kd4 Kf6 34. e5+ Kf5 35. Re4 Rf2 36. Ke3 Rh2 37. Rf1+ Kg5 38. c4 Rxc2 39. Rf2
bxc4 40. Rxc2 Kxh5 41. Rg2 c3 42. Kd3 a5 43. Re1 a4 44. Rh1# 1-0

[Event "DSM WK M 2012"]
[Site "Karlsruhe GER"]
[Date "2012.05.05"]
[Round "4"]
[White "Schimmelpfennig, Desirée"]
[Black "Zelbel, Chantal"]
[Result "1/2-1/2"]
[Termination "normal"]
[Board "8.3"]
[WhiteElo "939"]
[BlackElo "976"]
[WhiteTeam "Salier-Gymnasium Waiblingen"]
[BlackTeam "Immanuel-Kant-Gymnasium Dortmund"]
[PlyCount "56"]
[EventCountry "GER"]
[EventRounds "7"]
[EventType "team-swiss"]
[EventDate "2012.05.03"]

1. e4 e5 2. Nf3 Nc6 3. Bb5 d6 4. Nc3 Nf6 5. O-O Bd7 6. d3 h6 7. Be3 a6 8. Bxc6
Bxc6 9. h3 Be7 10. a3 Nd7 11. d4 Bg5 12. Bxg5 hxg5 13. d5 Bb5 14. Re1 Qf6 15.
Qd2 Rh5 16. Ne2 Bxe2 17. Rxe2 Qg6 18. Kf1 g4 19. hxg4 Rh1+ 20. Ng1 Qxg4 21. Re3
O-O-O 22. f3 Qg3 23. Qf2 Qg5 24. Rb3 Nc5 25. Rc3 Na4 26. Rc4 Nc5 27. b4 b5 28.
Rc3 Na4 1/2-1/2

[Event "DSM WK M 2012"]
[Site "Karlsruhe GER"]
[Date "2012.05.05"]
[Round "4"]
[White "Liberis, Angelina"]
[Black "Pankonin, Tabea"]
[Result "0-1"]
[Termination "normal"]
[Board "8.4"]
[WhiteElo "800"]
[BlackElo "774"]
[WhiteTeam "Immanuel-Kant-Gymnasium Dortmund"]
[BlackTeam "Salier-Gymnasium Waiblingen"]
[PlyCount "120"]
[EventCountry "GER"]
[EventRounds "7"]
[EventType "team-swiss"]
[EventDate "2012.05.03"]

1. e4 e5 2. Nf3 d6 3. Nc3 Nc6 4. Bb5 Bd7 5. d3 Nf6 6. Bg5 a6 7. Bc4 Be7 8. h3
O-O 9. O-O Na5 10. Nd5 Nxd5 11. Bxd5 Bxg5 12. Nxg5 Qxg5 13. Qc1 Qe7 14. f3 c6
15. Bb3 c5 16. Bd5 Bb5 17. c4 Bc6 18. b3 Bxd5 19. exd5 b5 20. Qd2 Qc7 21. Rae1
Rae8 22. Ra1 b4 23. a3 Qb6 24. axb4 Nxb3 25. Qa2 Nxa1 26. Rxa1 cxb4+ 27. Kf1
Ra8 28. Qf2 Qb8 29. g4 b3 30. Rb1 f5 31. Kg2 fxg4 32. hxg4 Qb4 33. Kg3 Qc3 34.
Qe2 e4 35. fxe4 Qe5+ 36. Kh3 Rf6 37. Rf1 Rh6+ 38. Kg2 Qh2+ 39. Kf3 Rf8+ 40. Ke3
Qxe2+ 41. Kxe2 Rxf1 42. Kxf1 Rf6+ 43. Ke2 b2 44. g5 b1=Q 45. gxf6 gxf6 46. Ke3
Qb6+ 47. Kd2 Qd4 48. Kc2 a5 49. Kb3 Qxd3+ 50. Ka4 Qxc4+ 51. Kxa5 Qxe4 52. Kb5
Qxd5+ 53. Kb4 Qc6 54. Kb3 Kf7 55. Kb4 Ke6 56. Kb3 Kd5 57. Kb4 Qc4+ 58. Ka3 Qb5
59. Ka2 Kd4 60. Ka1 Kc3 0-1

[Event "DSM WK M 2012"]
[Site "Karlsruhe GER"]
[Date "2012.05.05"]
[Round "4"]
[White "Hammer, Nicole"]
[Black "Schmieder, Michelle"]
[Result "0-1"]
[Termination "normal"]
[Board "9.1"]
[WhiteElo "752"]
[BlackElo "1210"]
[WhiteTeam "Freiherr-vom-Stein Gymnasium Hamm"]
[BlackTeam "Clemens-Winkler-Gymnasium Aue"]
[PlyCount "134"]
[EventCountry "GER"]
[EventRounds "7"]
[EventType "team-swiss"]
[EventDate "2012.05.03"]

1. e4 e5 2. Nf3 Nc6 3. Bc4 Bc5 4. d3 d6 5. h3 Nf6 6. Nc3 h6 7. b3 O-O 8. Bb2 a6
9. O-O b5 10. Bd5 Nxd5 11. Nxd5 Nd4 12. Nd2 c6 13. Ne3 Qg5 14. Nf3 Qg6 15. Nh4
Qg5 16. Nf3 Qg6 17. Bc1 Bxh3 18. Nh4 Qf6 19. Qh5 Qg5 20. Qxg5 hxg5 21. Nhf5
Bxf5 22. exf5 f6 23. Rb1 Kf7 24. Re1 Rh8 25. c3 Rh5 26. cxd4 Bxd4 27. Ng4 Rah8
28. Kf1 Rh1+ 29. Ke2 Rxe1+ 30. Kxe1 Rh1+ 31. Ke2 Rg1 32. g3 Rg2 33. Ke1 Rg1+
34. Kd2 g6 35. fxg6+ Kxg6 36. Kc2 Rg2 37. Be3 f5 38. Bxd4 exd4 39. Rf1 fxg4 40.
a3 Kf5 41. a4 c5 42. axb5 axb5 43. Kd1 d5 44. f3 Rxg3 45. fxg4+ Kxg4 46. Kd2
Rg2+ 47. Ke1 c4 48. dxc4 dxc4 49. bxc4 bxc4 50. Kd1 d3 51. Kc1 c3 52. Rd1 Rc2+
53. Kb1 Rd2 54. Rg1+ Kf4 55. Rf1+ Ke3 56. Re1+ Kd4 57. Rg1 Rb2+ 58. Ka1 d2 59.
Rd1 g4 60. Rg1 g3 61. Rd1 g2 62. Rg1 c2 63. Kxb2 d1=Q 64. Rxg2 Qb1+ 65. Ka3
c1=Q+ 66. Ka4 Qc4+ 67. Ka5 Qbb5# 0-1

[Event "DSM WK M 2012"]
[Site "Karlsruhe GER"]
[Date "2012.05.05"]
[Round "4"]
[White "Kluge, Leyla"]
[Black "Hörnschemeyer, Mara"]
[Result "1-0"]
[Termination "normal"]
[Board "9.2"]
[WhiteElo "1372"]
[BlackElo "800"]
[WhiteTeam "Clemens-Winkler-Gymnasium Aue"]
[BlackTeam "Freiherr-vom-Stein Gymnasium Hamm"]
[PlyCount "59"]
[WhiteFideId "12918172"]
[EventCountry "GER"]
[EventRounds "7"]
[EventType "team-swiss"]
[EventDate "2012.05.03"]

1. c4 e5 2. Nc3 Bc5 3. g3 Nf6 4. Bg2 Nc6 5. d3 d6 6. Nf3 Bf5 7. O-O O-O 8. a3
Bg4 9. b4 Bxf3 10. Bxf3 Bd4 11. Bb2 e4 12. dxe4 Ne5 13. Qxd4 Qe7 14. Bg2 Qe6
15. Nd5 Nfg4 16. Nxc7 Qh6 17. h3 Rac8 18. Bc1 Qh5 19. Nd5 Rxc4 20. Qxa7 Rc2 21.
Nf4 Qg5 22. Ne6 Qf6 23. Nxf8 Kxf8 24. Qa8+ Ke7 25. Qxb7+ Nd7 26. hxg4 Qe6 27.
Kh2 Qxg4 28. Bh3 Qxe2 29. Qxd7+ Kf6 30. Qxd6# 1-0

[Event "DSM WK M 2012"]
[Site "Karlsruhe GER"]
[Date "2012.05.05"]
[Round "4"]
[White "Kowalski, Rebecca"]
[Black "Boden, Talitha"]
[Result "0-1"]
[Termination "normal"]
[Board "9.3"]
[WhiteElo "800"]
[BlackElo "964"]
[WhiteTeam "Freiherr-vom-Stein Gymnasium Hamm"]
[BlackTeam "Clemens-Winkler-Gymnasium Aue"]
[PlyCount "86"]
[EventCountry "GER"]
[EventRounds "7"]
[EventType "team-swiss"]
[EventDate "2012.05.03"]

1. e4 e5 2. Nf3 Nc6 3. Nc3 Nf6 4. Bb5 a6 5. Ba4 g6 6. d3 Bg7 7. Bg5 O-O 8. O-O
h6 9. Bh4 d5 10. Nxd5 Qd6 11. Ne3 b5 12. Bb3 Bg4 13. h3 Be6 14. Bxf6 Bxf6 15.
Qd2 Nd4 16. Bxe6 Qxe6 17. Nxd4 exd4 18. Nd5 Rac8 19. Qxh6 Bg7 20. Qf4 Be5 21.
Qg5 Rfe8 22. c3 Kg7 23. cxd4 Bxd4 24. Rfe1 c6 25. Nb4 a5 26. Na6 Qe7 27. Qg4
Ra8 28. Nc7 Qxc7 29. b3 Rad8 30. a4 Bc5 31. Qg3 Qxg3 32. axb5 cxb5 33. Re2 Qxd3
34. Ree1 Qxb3 35. Rec1 Bb6 36. Rc6 Bd4 37. Rc7 Rxe4 38. Ra7 Bxa7 39. Kh1 Qb4
40. f3 Red4 41. Rg1 Rd1 42. Kh2 Qd6+ 43. Kh1 Rxg1# 0-1

[Event "DSM WK M 2012"]
[Site "Karlsruhe GER"]
[Date "2012.05.05"]
[Round "4"]
[White "Koller, Vivien"]
[Black "Mewes, Melissa"]
[Result "0-1"]
[Termination "normal"]
[Board "9.4"]
[WhiteElo "835"]
[BlackElo "800"]
[WhiteTeam "Clemens-Winkler-Gymnasium Aue"]
[BlackTeam "Freiherr-vom-Stein Gymnasium Hamm"]
[PlyCount "38"]
[EventCountry "GER"]
[EventRounds "7"]
[EventType "team-swiss"]
[EventDate "2012.05.03"]

1. e4 e5 2. Nc3 Bb4 3. Nf3 Nf6 4. Nxe5 Bxc3 5. bxc3 Nxe4 6. f3 Qh4+ 7. g3 Qf6
8. Nd3 Qe6 9. Bh3 Qxh3 10. fxe4 Qg2 11. Rf1 Qxe4+ 12. Qe2 Qe6 13. Ba3 b6 14.
O-O-O Ba6 15. Rf2 d6 16. Qf3 Rf8 17. Qxa8 Qxa2 18. Re2+ Kd7 19. Bb4 Qa1# 0-1

[Event "DSM WK M 2012"]
[Site "Karlsruhe GER"]
[Date "2012.05.05"]
[Round "4"]
[White "König, Isabel"]
[Black "von der Heyde, Emma Lotte"]
[Result "1-0"]
[Termination "normal"]
[Board "10.1"]
[WhiteElo "1099"]
[BlackElo "800"]
[WhiteTeam "Gymnasium Altenholz"]
[BlackTeam "Schule an der Carbäk Broderstorf"]
[PlyCount "49"]
[WhiteFideId "16210000"]
[EventCountry "GER"]
[EventRounds "7"]
[EventType "team-swiss"]
[EventDate "2012.05.03"]

1. c4 c5 2. Nf3 Qa5 3. Nc3 Nf6 4. d3 d6 5. e3 Bf5 6. Be2 e6 7. O-O d5 8. cxd5
exd5 9. Bd2 Bd6 10. Nxd5 Nxd5 11. Bxa5 O-O 12. d4 Rc8 13. dxc5 Bxc5 14. Qxd5 g6
15. Ne5 Be6 16. Qxb7 Bd6 17. Qxa8 Bc5 18. Qf3 Na6 19. Bxa6 Rb8 20. Nd3 Bf5 21.
Nxc5 h5 22. Bc7 Re8 23. Qc6 Kf8 24. Nd7+ Ke7 25. Qd6# 1-0

[Event "DSM WK M 2012"]
[Site "Karlsruhe GER"]
[Date "2012.05.05"]
[Round "4"]
[White "Basler, Alina"]
[Black "Caliebe, Nanke"]
[Result "0-1"]
[Termination "normal"]
[Board "10.2"]
[WhiteElo "800"]
[BlackElo "867"]
[WhiteTeam "Schule an der Carbäk Broderstorf"]
[BlackTeam "Gymnasium Altenholz"]
[PlyCount "54"]
[BlackFideId "12980528"]
[EventCountry "GER"]
[EventRounds "7"]
[EventType "team-swiss"]
[EventDate "2012.05.03"]

1. d4 d5 2. Nc3 e6 3. Nf3 Nf6 4. Bg5 Be7 5. e3 Nbd7 6. Bb5 O-O 7. O-O b6 8. Bd3
c5 9. Nb5 Ba6 10. Bf4 Rc8 11. dxc5 Rxc5 12. Bc7 Rxc7 13. Nfd4 Bxb5 14. Bxb5 Ne4
15. Nc6 Qe8 16. c4 dxc4 17. Bxc4 Rxc6 18. Bd3 Ndc5 19. Bc2 Rd6 20. Qh5 Nf6 21.
Qh4 h6 22. g4 Nfe4 23. g5 Nxg5 24. Kh1 Qc6+ 25. Kg1 Nf3+ 26. Kg2 Nxh4+ 27. Kh3
Qg2# 0-1

[Event "DSM WK M 2012"]
[Site "Karlsruhe GER"]
[Date "2012.05.05"]
[Round "4"]
[White "Caliebe, Frauke"]
[Black "Nikolowa, Cecilia"]
[Result "1-0"]
[Termination "normal"]
[Board "10.3"]
[WhiteElo "944"]
[BlackElo "800"]
[WhiteTeam "Gymnasium Altenholz"]
[BlackTeam "Schule an der Carbäk Broderstorf"]
[PlyCount "51"]
[EventCountry "GER"]
[EventRounds "7"]
[EventType "team-swiss"]
[EventDate "2012.05.03"]

1. d4 d5 2. c4 Nf6 3. Nc3 Nc6 4. Nf3 e6 5. Bg5 h6 6. Bh4 a5 7. e3 Bb4 8. a3 Bd6
9. cxd5 exd5 10. Nxd5 Be7 11. Nxe7 Nxe7 12. Bxf6 gxf6 13. Bc4 Bd7 14. O-O Bc6
15. Rc1 Qd7 16. Qb3 Rf8 17. Rfe1 a4 18. Qb4 b6 19. e4 h5 20. e5 Bd5 21. exf6
Kd8 22. fxe7+ Qxe7 23. Qxe7+ Kc8 24. Qxf8+ Kb7 25. Bxd5+ Ka7 26. Qxa8# 1-0

[Event "DSM WK M 2012"]
[Site "Karlsruhe GER"]
[Date "2012.05.05"]
[Round "4"]
[White "Schleede, Celina"]
[Black "Severing, Fenja"]
[Result "1-0"]
[Termination "normal"]
[Board "10.4"]
[WhiteElo "800"]
[BlackElo "800"]
[WhiteTeam "Schule an der Carbäk Broderstorf"]
[BlackTeam "Gymnasium Altenholz"]
[PlyCount "53"]
[EventCountry "GER"]
[EventRounds "7"]
[EventType "team-swiss"]
[EventDate "2012.05.03"]

1. e4 e5 2. Nf3 Nf6 3. Nc3 d6 4. Bc4 Qd7 5. d3 Be7 6. Bg5 O-O 7. O-O Nc6 8. Qe2
Qd8 9. h3 Nd7 10. Bxe7 Qxe7 11. Qe3 Nf6 12. Bb5 Nb4 13. Ba4 Bd7 14. a3 Nc6 15.
Bxc6 Bxc6 16. Rfe1 d5 17. exd5 Bxd5 18. Nxd5 Nxd5 19. Qg5 f6 20. Qh4 Rae8 21.
g3 c6 22. c4 Nc7 23. Qe4 Ne6 24. Kg2 Rd8 25. Rad1 Nd4 26. Nxd4 Rfe8 27. Nf3 1-0